[Event "DEM U14 2000"]
[Site "Überlingen GER"]
[Date "2000.06.04"]
[Round "1"]
[White "Baramidze, David"]
[Black "Abraham, Jan-Willem"]
[Result "1-0"]
[Termination "normal"]
[Board "1"]
[WhiteElo "2154"]
[BlackElo "1767"]
[PlyCount "69"]
[WhiteFideId "4667719"]
[EventCountry "GER"]
[EventRounds "9"]
[EventType "swiss"]
[EventDate "2000.06.03"]

1. e4 c5 2. Nf3 Nc6 3. d4 cxd4 4. Nxd4 g6 5. Nc3 Bg7 6. Be3 Nf6 7. Bc4 O-O 8.
O-O d6 9. h3 Bd7 10. Re1 Rc8 11. Bb3 Ne5 12. Qe2 Qa5 13. f4 Nc6 14. Rad1 a6 15.
Qf2 Qc7 16. Nf3 b5 17. e5 dxe5 18. Bb6 Qb7 19. fxe5 Nh5 20. Bc5 Be6 21. Nd5 a5
22. a3 Bxd5 23. Bxd5 Nf4 24. Be4 Ne6 25. Bb6 a4 26. Rd5 Rb8 27. Rxb5 Nc7 28.
Rb4 Na6 29. Rc4 Rfc8 30. Nd4 Qxb6 31. Nxc6 Qb7 32. Nxb8 Qxb8 33. Rxc8+ Qxc8 34.
Qb6 Nc5 35. Qc6 1-0

[Event "DEM U14 2000"]
[Site "Überlingen GER"]
[Date "2000.06.04"]
[Round "1"]
[White "Fehsenfeld, Frithjof"]
[Black "Guttenthaler, Franz"]
[Result "1-0"]
[Termination "normal"]
[Board "2"]
[WhiteElo "1760"]
[BlackElo "2149"]
[PlyCount "111"]
[BlackFideId "4655729"]
[EventCountry "GER"]
[EventRounds "9"]
[EventType "swiss"]
[EventDate "2000.06.03"]

1. d4 g6 2. c4 Bg7 3. Nf3 d6 4. Nc3 Nd7 5. e3 e5 6. Bd3 Ngf6 7. O-O O-O 8. Qc2
Re8 9. Bd2 Qe7 10. dxe5 dxe5 11. e4 c6 12. a3 Nf8 13. h3 Nh5 14. Rfe1 Ne6 15.
Ne2 g5 16. g3 Qf6 17. Kg2 h6 18. Bc3 Nf8 19. Nfg1 Qg6 20. Rad1 Ne6 21. b4 b6
22. Bb2 Bb7 23. c5 b5 24. Nf3 f6 25. Nfg1 Bf8 26. Qb3 Qf7 27. Bc2 Nhg7 28. Qf3
h5 29. Rd2 Bc8 30. Red1 g4 31. Qe3 Nc7 32. Bb3 Nge6 33. h4 Qg6 34. f3 gxf3+ 35.
Qxf3 Kh8 36. Nh3 a5 37. Kh2 Ng7 38. Nf2 axb4 39. axb4 f5 40. Bc2 Ra2 41. Bc1
Na6 42. exf5 Qf6 43. Qb3 Ra4 44. Ba3 Nxf5 45. Qf3 Rxa3 46. Qxa3 Nxh4 47. Ng1
Nf5 48. Ne4 Qe6 49. Qf3 Bh6 50. Rd6 Qa2 51. Rxh6+ Nxh6 52. Qf6+ Kg8 53. Qg6+
Kf8 54. Qxh6+ Kg8 55. Nf6+ Kf7 56. Qg6+ 1-0

[Event "DEM U14 2000"]
[Site "Überlingen GER"]
[Date "2000.06.04"]
[Round "1"]
[White "Heinz, Axel"]
[Black "Jachnowitsch, Kristijan"]
[Result "1-0"]
[Termination "normal"]
[Board "3"]
[WhiteElo "2129"]
[BlackElo "1697"]
[PlyCount "142"]
[WhiteFideId "4667557"]
[EventCountry "GER"]
[EventRounds "9"]
[EventType "swiss"]
[EventDate "2000.06.03"]

1. e4 c5 2. Nf3 d6 3. Bb5+ Bd7 4. Bxd7+ Qxd7 5. O-O Nf6 6. Re1 e6 7. c3 Be7 8.
d4 cxd4 9. cxd4 O-O 10. Nc3 Nc6 11. d5 Ne5 12. Nxe5 dxe5 13. Bg5 Ne8 14. Bxe7
Qxe7 15. Qb3 exd5 16. Nxd5 Qd7 17. Rad1 Nd6 18. Qa3 Rfd8 19. Qg3 Kh8 20. Qxe5
Rac8 21. Ne3 Qc6 22. Nf1 Nc4 23. Rxd8+ Rxd8 24. Qc3 Qb5 25. b3 Ne5 26. a4 Qe8
27. Rc1 Nd3 28. Rd1 Qxe4 29. Ng3 Qg6 30. Qc7 Qf6 31. Rd2 Kg8 32. h3 Qb6 33.
Qxb6 axb6 34. Ne4 Rd5 35. f3 Kf8 36. g3 Ke8 37. Kf1 Nb4 38. Ke2 Rxd2+ 39. Kxd2
Ke7 40. Kc3 Nd5+ 41. Kd4 Nc7 42. f4 f6 43. Nc3 Kd6 44. Kc4 Kc6 45. b4 Ne8 46.
Nb5 Nd6+ 47. Nxd6 Kxd6 48. Kb5 Kc7 49. f5 g6 50. fxg6 hxg6 51. Kc4 Kc6 52. Kd4
Kd6 53. Ke4 Ke6 54. h4 g5 55. hxg5 fxg5 56. g4 Kf6 57. Kd5 Kf7 58. Ke5 Ke7 59.
Kf5 Kf7 60. Kxg5 Ke6 61. Kg6 Kd5 62. Kf6 Kc4 63. b5 Kb4 64. g5 Kxa4 65. g6 Kxb5
66. g7 Ka4 67. g8=Q b5 68. Qa2+ Kb4 69. Ke5 b6 70. Qb2+ Ka5 71. Kd5 Ka4 1-0

[Event "DEM U14 2000"]
[Site "Überlingen GER"]
[Date "2000.06.04"]
[Round "1"]
[White "Herrmann, Frank"]
[Black "Rohde, Torsten"]
[Result "0-1"]
[Termination "normal"]
[Board "4"]
[WhiteElo "1691"]
[BlackElo "2071"]
[PlyCount "70"]
[BlackFideId "4665007"]
[EventCountry "GER"]
[EventRounds "9"]
[EventType "swiss"]
[EventDate "2000.06.03"]

1. e4 c5 2. Nf3 d6 3. d4 cxd4 4. Qxd4 Nc6 5. Bb5 Bd7 6. Bxc6 Bxc6 7. c4 Nf6 8.
Nc3 e6 9. O-O Be7 10. b3 O-O 11. Bb2 Qa5 12. Rfe1 Rfd8 13. Rad1 Bf8 14. Qe3 a6
15. Nd4 Rac8 16. f3 b5 17. e5 dxe5 18. Qxe5 Qb6 19. cxb5 axb5 20. Kh1 b4 21.
Nce2 Bb7 22. Ra1 Rd5 23. Qg3 Kh8 24. Red1 Ra5 25. Nc1 Rd8 26. Qe1 Nd5 27. Nc2
Rc8 28. Rd2 Rca8 29. Qf2 Qxf2 30. Rxf2 Bc5 31. Re2 h6 32. Nd3 Ba6 33. Rd2 Bxd3
34. Rxd3 Rxa2 35. Rxa2 Rxa2 0-1

[Event "DEM U14 2000"]
[Site "Überlingen GER"]
[Date "2000.06.04"]
[Round "1"]
[White "Werner, Daniel"]
[Black "Laßan, Christian"]
[Result "1-0"]
[Termination "normal"]
[Board "5"]
[WhiteElo "2030"]
[BlackElo "1684"]
[PlyCount "93"]
[WhiteFideId "4662814"]
[BlackFideId "4685997"]
[EventCountry "GER"]
[EventRounds "9"]
[EventType "swiss"]
[EventDate "2000.06.03"]

1. e4 e6 2. d4 d5 3. Nc3 Bb4 4. Nge2 dxe4 5. a3 Be7 6. Nxe4 Nf6 7. N2g3 Nbd7 8.
Bd3 O-O 9. O-O Nb6 10. Bg5 Nbd5 11. c4 Nxe4 12. Bxe7 Qxe7 13. Bxe4 Nf6 14. Bf3
Rd8 15. b4 c6 16. Ra2 Qd6 17. Rd2 e5 18. d5 b6 19. c5 bxc5 20. bxc5 Qxc5 21.
dxc6 Rxd2 22. Qxd2 Be6 23. Rc1 Qf8 24. c7 Re8 25. Bc6 Rc8 26. Bb7 Re8 27. Qc3
Bc8 28. Bxc8 Rxc8 29. Nf5 Nd7 30. Qb4 Qxb4 31. axb4 Kf8 32. Nd6 Nb6 33. Rc6 Ke7
34. Rxb6 Rxc7 35. Nf5+ Kd7 36. Rd6+ Kc8 37. Rd1 f6 38. Ne3 Rb7 39. Nd5 Rd7 40.
Kf1 Kb7 41. Ke2 Kc6 42. Nc3 Rd4 43. Rxd4 exd4 44. Na2 Kd5 45. Kd3 h5 46. Nc1 g5
47. Nb3 1-0

[Event "DEM U14 2000"]
[Site "Überlingen GER"]
[Date "2000.06.04"]
[Round "1"]
[White "Siepmann, Martin"]
[Black "Raach, Stephen"]
[Result "1-0"]
[Termination "normal"]
[Board "6"]
[WhiteElo "1666"]
[BlackElo "1895"]
[PlyCount "33"]
[EventCountry "GER"]
[EventRounds "9"]
[EventType "swiss"]
[EventDate "2000.06.03"]

1. Nf3 Nf6 2. g3 g6 3. Bg2 Bg7 4. c4 O-O 5. Nc3 d6 6. O-O e5 7. d3 Nc6 8. Rb1
a5 9. a3 Ne8 10. b4 axb4 11. axb4 f5 12. Qc2 Nf6 13. b5 Ne7 14. c5 Nfd5 15.
Nxd5 Nxd5 16. Qc4 Be6 17. Ng5 1-0

[Event "DEM U14 2000"]
[Site "Überlingen GER"]
[Date "2000.06.04"]
[Round "1"]
[White "Nazarenus, Moritz"]
[Black "Meyer, Kai-Christian"]
[Result "1-0"]
[Termination "normal"]
[Board "7"]
[WhiteElo "1886"]
[BlackElo "1642"]
[PlyCount "57"]
[WhiteFideId "4670540"]
[BlackFideId "4680650"]
[EventCountry "GER"]
[EventRounds "9"]
[EventType "swiss"]
[EventDate "2000.06.03"]

1. d4 d5 2. Nf3 Nf6 3. Bg5 c6 4. e3 Qb6 5. Qc1 Bf5 6. Nh4 Bg6 7. Nxg6 hxg6 8.
Bd3 e6 9. Nd2 Bd6 10. Nf3 Nbd7 11. O-O O-O 12. c4 dxc4 13. Qxc4 e5 14. Bxg6
exd4 15. exd4 Nd5 16. Bf5 Qc7 17. Rfe1 N7b6 18. Qd3 Rfe8 19. Bh7+ Kf8 20. Qf5
Qd7 21. Qd3 Nb4 22. Qb3 a5 23. Nh4 N6d5 24. Qf3 Re6 25. Rxe6 Qxe6 26. Bf5 Qe8
27. Qh5 f6 28. Qh8+ Ke7 29. Re1+ 1-0

[Event "DEM U14 2000"]
[Site "Überlingen GER"]
[Date "2000.06.04"]
[Round "1"]
[White "Fiebig, Thomas"]
[Black "Schneider, Andreas"]
[Result "1-0"]
[Termination "normal"]
[Board "8"]
[WhiteElo "1636"]
[BlackElo "1879"]
[PlyCount "87"]
[WhiteFideId "4693922"]
[BlackFideId "24606022"]
[EventCountry "GER"]
[EventRounds "9"]
[EventType "swiss"]
[EventDate "2000.06.03"]

1. e4 c5 2. Nf3 e6 3. c3 Nf6 4. e5 Nd5 5. d4 cxd4 6. cxd4 d6 7. exd6 Bxd6 8.
Nc3 Nc6 9. Nxd5 exd5 10. Be2 O-O 11. O-O Bf5 12. Bd2 Qb6 13. Bc3 Rae8 14. Bd3
Be4 15. Re1 Nb4 16. Bxe4 dxe4 17. Ne5 Bxe5 18. dxe5 Nd3 19. Re2 Qg6 20. Re3
Nxe5 21. Bxe5 Rxe5 22. Qd4 Rfe8 23. Qxa7 f5 24. Qxb7 f4 25. Ree1 f3 26. g3 Rh5
27. Qb3+ Re6 28. Qc4 Qg4 29. Qf1 Rhh6 30. Rac1 Qh5 31. Rc8+ Kf7 32. Rc7+ Kf8
33. h3 Re8 34. Kh2 Qf5 35. Rc4 g5 36. b4 Qe5 37. Rexe4 Qxe4 38. Rxe4 Rxe4 39.
Qd3 Ree6 40. Qxf3+ Rhf6 41. Qa8+ Kg7 42. Kg2 Re2 43. Qa7+ Kh6 44. a4 1-0

[Event "DEM U14 2000"]
[Site "Überlingen GER"]
[Date "2000.06.04"]
[Round "1"]
[White "Eisenbeiser, Amadeus"]
[Black "Herzenstein, Georg"]
[Result "1/2-1/2"]
[Termination "normal"]
[Board "9"]
[WhiteElo "1828"]
[BlackElo "1615"]
[PlyCount "113"]
[WhiteFideId "4678338"]
[BlackFideId "4678400"]
[EventCountry "GER"]
[EventRounds "9"]
[EventType "swiss"]
[EventDate "2000.06.03"]

1. e4 c6 2. d4 d5 3. exd5 cxd5 4. Nf3 Nf6 5. Bd3 Bg4 6. Bg5 Nc6 7. c3 e6 8.
Nbd2 Be7 9. O-O O-O 10. a4 h6 11. Bh4 Re8 12. Re1 Qc7 13. h3 Bh5 14. g4 Bg6 15.
Bxg6 fxg6 16. Rxe6 Kf7 17. Re1 Bd6 18. Kg2 Rxe1 19. Qxe1 Re8 20. Qf1 Nd8 21.
Re1 Ne6 22. Bg3 Nf4+ 23. Kh2 Rxe1 24. Nxe1 a6 25. Nef3 g5 26. Qb1 g6 27. Bxf4
Bxf4+ 28. Kg2 Bxd2 29. Nxd2 Qf4 30. Qd3 h5 31. f3 h4 32. Nf1 Ne8 33. Qe3 Qf6
34. Nd2 Nc7 35. b3 Ne6 36. Nb1 Nf4+ 37. Kh2 Qd6 38. Kh1 Nxh3 39. Qe1 Nf4 40.
Qe3 Nh3 41. Qe1 Nf4 42. Nd2 Qa3 43. Qe3 Qe7 44. Qxe7+ Kxe7 45. Nb1 Kd6 46. Kg1
Ne2+ 47. Kf2 Nc1 48. Nd2 Nd3+ 49. Kg2 Nf4+ 50. Kf1 b5 51. axb5 axb5 52. Kf2
Nd3+ 53. Ke3 Ne1 54. b4 Ng2+ 55. Kd3 Nf4+ 56. Kc2 Ng2 57. Kd3 1/2-1/2

[Event "DEM U14 2000"]
[Site "Überlingen GER"]
[Date "2000.06.04"]
[Round "1"]
[White "Stich, Christopher"]
[Black "Knörzer, Michael"]
[Result "0-1"]
[Termination "normal"]
[Board "10"]
[WhiteElo "1418"]
[BlackElo "1826"]
[PlyCount "70"]
[EventCountry "GER"]
[EventRounds "9"]
[EventType "swiss"]
[EventDate "2000.06.03"]

1. e4 c5 2. Nf3 d6 3. d4 cxd4 4. Nxd4 Nf6 5. Nc3 a6 6. Bg5 e6 7. f4 Be7 8. Qf3
Qc7 9. O-O-O Nbd7 10. Bd3 b5 11. g4 Bb7 12. h4 b4 13. Nce2 Rc8 14. Bxf6 Nxf6
15. g5 Nd7 16. h5 Nc5 17. Rdg1 Nxd3+ 18. Qxd3 Qc4 19. Qxc4 Rxc4 20. b3 Rc5 21.
Ng3 Kd7 22. Nf3 Rc3 23. Rf1 Rhc8 24. Rh2 Re3 25. Kd2 Rcc3 26. Rhf2 Bxe4 27.
Nxe4 Rxe4 28. Ng1 Rd4+ 29. Kc1 Rd5 30. Rg2 Ra5 31. Kb1 Rcc5 32. Ne2 f6 33. gxf6
Bxf6 34. Ng3 Rxa2 35. Kc1 Rd5 0-1

[Event "DEM U14 2000"]
[Site "Überlingen GER"]
[Date "2000.06.04"]
[Round "1"]
[White "Krämer, Martin"]
[Black "Dorongovski, Michael"]
[Result "1-0"]
[Termination "normal"]
[Board "11"]
[WhiteElo "1801"]
[BlackElo "1193"]
[PlyCount "73"]
[WhiteFideId "4671910"]
[EventCountry "GER"]
[EventRounds "9"]
[EventType "swiss"]
[EventDate "2000.06.03"]

1. e4 e6 2. d4 d5 3. e5 c5 4. c3 Nc6 5. Nf3 Qb6 6. Bd3 Bd7 7. dxc5 Bxc5 8. O-O
f6 9. b4 Be7 10. Bf4 fxe5 11. Nxe5 Nxe5 12. Bxe5 Nf6 13. a4 Bd6 14. Bxf6 gxf6
15. Qh5+ Ke7 16. Nd2 Rag8 17. Nf3 e5 18. Bf5 e4 19. Rfe1 Kd8 20. Nd4 Rg5 21.
Qf7 Bxh2+ 22. Kxh2 Qd6+ 23. Kg1 Bxf5 24. Nxf5 Rxf5 25. Qxb7 Qb6 26. Qxb6+ axb6
27. a5 Kc7 28. a6 b5 29. a7 Ra8 30. Ra5 Kb6 31. Rea1 h5 32. Ra6+ Kb7 33. R1a5
h4 34. Re6 Kc8 35. Re8+ Kb7 36. Rxb5+ Kxa7 37. Ra5+ 1-0

[Event "DEM U14 2000"]
[Site "Überlingen GER"]
[Date "2000.06.04"]
[Round "1"]
[White "Vollstädt, Ole"]
[Black "Jovalekic, Oliver"]
[Result "1/2-1/2"]
[Termination "normal"]
[Board "12"]
[WhiteElo "1027"]
[BlackElo "1791"]
[PlyCount "108"]
[BlackFideId "4682530"]
[EventCountry "GER"]
[EventRounds "9"]
[EventType "swiss"]
[EventDate "2000.06.03"]

1. e4 c5 2. Nf3 Nc6 3. d4 cxd4 4. Nxd4 Nf6 5. Nc3 e6 6. a3 Bc5 7. Nb3 Be7 8.
Be2 a6 9. Be3 b5 10. O-O Bb7 11. Nc5 Qc7 12. Nxb7 Qxb7 13. f4 b4 14. axb4 Bxb4
15. Rb1 Rb8 16. e5 Bxc3 17. bxc3 Qxb1 18. Qxb1 Rxb1 19. Rxb1 Nd5 20. Bd2 Ke7
21. Bxa6 Ra8 22. Bd3 Ra4 23. g3 h5 24. Bb5 Ra2 25. Bd3 Ra4 26. Kf2 Na5 27. Rb8
Nc4 28. Bxc4 Rxc4 29. Rb3 h4 30. Ke2 hxg3 31. hxg3 f6 32. Kd3 Rc6 33. exf6+
gxf6 34. c4 Nc7 35. Rb7 Na6 36. Bb4+ Nxb4+ 37. Rxb4 f5 38. Kd4 Ra6 39. c5 Ra3
40. Rb3 Ra4+ 41. Kc3 Kd8 42. Kb2 Kc7 43. Ra3 Rc4 44. Rc3 Rb4+ 45. Ka3 Rb5 46.
Ka4 Kc6 47. Rc4 Rb1 48. Rc3 Rb5 49. Rc4 Rxc5 50. Kb4 d6 51. Rxc5+ dxc5+ 52. Kc4
Kb6 53. Kb3 Kb5 54. c4+ Ka5 1/2-1/2

[Event "DEM U14 2000"]
[Site "Überlingen GER"]
[Date "2000.06.04"]
[Round "2"]
[White "Knörzer, Michael"]
[Black "Baramidze, David"]
[Result "0-1"]
[Termination "normal"]
[Board "1"]
[WhiteElo "1826"]
[BlackElo "2154"]
[PlyCount "104"]
[BlackFideId "4667719"]
[EventCountry "GER"]
[EventRounds "9"]
[EventType "swiss"]
[EventDate "2000.06.03"]

1. d4 Nf6 2. c4 g6 3. Nc3 d5 4. Bf4 Bg7 5. e3 O-O 6. Nf3 c5 7. dxc5 Qa5 8. Rc1
dxc4 9. Bxc4 Qxc5 10. Qe2 Nc6 11. O-O e5 12. Bg3 Bg4 13. Bd3 Qa5 14. h3 Bh5 15.
Bh4 g5 16. Bxg5 e4 17. Nxe4 Nxe4 18. Bxe4 Bxf3 19. Bxf3 Qxg5 20. Bxc6 bxc6 21.
Rxc6 Qd5 22. Ra6 Rfd8 23. Rc1 Rab8 24. b3 Rb7 25. Rac6 Rbd7 26. g3 Qf5 27. Qg4
Qa5 28. Rc8 Rd2 29. Rxd8+ Rxd8 30. Rc8 Qd5 31. Rxd8+ Qxd8 32. Qa4 Qe7 33. b4
Qb7 34. b5 Kh8 35. Qc4 h6 36. a4 Bf6 37. Qc6 Qxc6 38. bxc6 Bd8 39. Kg2 Kg7 40.
Kf3 Kf6 41. Ke4 Ke6 42. f4 f5+ 43. Kd4 Bb6+ 44. Kd3 Kd5 45. g4 fxg4 46. hxg4
Kxc6 47. Ke4 Kd6 48. Kf3 Kd5 49. e4+ Kd4 50. e5 Kd5 51. Kg3 Ke4 52. e6 Bd8 0-1

[Event "DEM U14 2000"]
[Site "Überlingen GER"]
[Date "2000.06.04"]
[Round "2"]
[White "Krämer, Martin"]
[Black "Heinz, Axel"]
[Result "0-1"]
[Termination "normal"]
[Board "2"]
[WhiteElo "1801"]
[BlackElo "2129"]
[PlyCount "58"]
[WhiteFideId "4671910"]
[BlackFideId "4667557"]
[EventCountry "GER"]
[EventRounds "9"]
[EventType "swiss"]
[EventDate "2000.06.03"]

1. e4 e5 2. Nf3 Nc6 3. Bc4 Bc5 4. c3 Nf6 5. d4 exd4 6. cxd4 Bb4+ 7. Nc3 Nxe4 8.
O-O Bxc3 9. d5 Ne5 10. bxc3 Nxc4 11. Qd4 O-O 12. Qxe4 Nb6 13. d6 cxd6 14. Ng5
f5 15. Qd3 d5 16. Be3 Kh8 17. Bxb6 axb6 18. f4 Ra5 19. Rfe1 h6 20. Nf3 d6 21.
Nd4 Bd7 22. Re2 Re8 23. Rae1 Re4 24. Rf1 Rc5 25. Rb2 Qc8 26. Rf3 b5 27. Nb3
Rcc4 28. g3 d4 29. Nxd4 Rcxd4 0-1

[Event "DEM U14 2000"]
[Site "Überlingen GER"]
[Date "2000.06.04"]
[Round "2"]
[White "Rohde, Torsten"]
[Black "Fehsenfeld, Frithjof"]
[Result "1/2-1/2"]
[Termination "normal"]
[Board "3"]
[WhiteElo "2071"]
[BlackElo "1760"]
[PlyCount "80"]
[WhiteFideId "4665007"]
[EventCountry "GER"]
[EventRounds "9"]
[EventType "swiss"]
[EventDate "2000.06.03"]

1. e4 c6 2. d4 d5 3. Nc3 dxe4 4. Nxe4 Nd7 5. Ng5 Ngf6 6. Bc4 e6 7. Qe2 Nb6 8.
N1f3 Bd6 9. Bd3 O-O 10. Bd2 Bd7 11. O-O-O Qc7 12. Ne5 Rac8 13. Ng4 Nbd5 14.
Nxf6+ Nxf6 15. Ne4 Be7 16. Nxf6+ Bxf6 17. Qe4 g6 18. h4 Qb6 19. c3 c5 20. dxc5
Qxc5 21. h5 Bb5 22. Bc2 Rfd8 23. hxg6 hxg6 24. Qf3 Bg5 25. Qh3 Kf8 26. Bxg5
Qxg5+ 27. Kb1 Ke7 28. Qh4 Qxh4 29. Rxh4 Rxd1+ 30. Bxd1 Rd8 31. Kc2 Bd3+ 32. Kb3
Bf1 33. Bf3 b6 34. Rh1 Ba6 35. Rd1 Rxd1 36. Bxd1 Bb7 37. g3 Kd6 38. Kc4 Bc6 39.
Bc2 a6 40. a4 Bd5+ 1/2-1/2

[Event "DEM U14 2000"]
[Site "Überlingen GER"]
[Date "2000.06.04"]
[Round "2"]
[White "Fiebig, Thomas"]
[Black "Nazarenus, Moritz"]
[Result "1/2-1/2"]
[Termination "normal"]
[Board "5"]
[WhiteElo "1636"]
[BlackElo "1886"]
[PlyCount "120"]
[WhiteFideId "4693922"]
[BlackFideId "4670540"]
[EventCountry "GER"]
[EventRounds "9"]
[EventType "swiss"]
[EventDate "2000.06.03"]

1. e4 c6 2. d4 d5 3. f3 dxe4 4. fxe4 e5 5. Nf3 Be6 6. c3 Nd7 7. Bd3 Ngf6 8. O-O
Qc7 9. h3 h6 10. Be3 Bd6 11. Nh4 O-O-O 12. Nf5 Bxf5 13. Rxf5 g6 14. Rf1 Kb8 15.
Qd2 Rde8 16. Bxh6 exd4 17. Bf4 Nh5 18. Bxd6 Qxd6 19. Bc2 Ng3 20. Rf3 Nxe4 21.
Qxd4 Qxd4+ 22. cxd4 f5 23. Nc3 Ndf6 24. Nxe4 Nxe4 25. Re1 Nd6 26. Rfe3 Kc7 27.
Kf2 Kd7 28. Bd3 Rxe3 29. Rxe3 Rh4 30. Rg3 Rh6 31. Kf3 Ke6 32. Kf4 Kf6 33. Rf3
Rh7 34. g4 g5+ 35. Kg3 f4+ 36. Kf2 Re7 37. b3 Ne4+ 38. Bxe4 Rxe4 39. Rd3 Ke6
40. a3 Kd5 41. Kf3 Rxd4 42. Rxd4+ Kxd4 43. h4 gxh4 44. Kxf4 Kd5 45. g5 Ke6 46.
Kg4 h3 47. Kxh3 Kf5 48. Kh4 Kg6 49. Kg4 c5 50. a4 b6 51. Kf4 a6 52. Ke5 b5 53.
Kd5 c4 54. bxc4 bxa4 55. Kd4 Kxg5 56. Kc3 a5 57. Kb2 Kf5 58. Ka3 Ke5 59. Kxa4
Kd4 60. Kxa5 Kxc4 1/2-1/2

[Event "DEM U14 2000"]
[Site "Überlingen GER"]
[Date "2000.06.04"]
[Round "2"]
[White "Jovalekic, Oliver"]
[Black "Eisenbeiser, Amadeus"]
[Result "0-1"]
[Termination "normal"]
[Board "6"]
[WhiteElo "1791"]
[BlackElo "1828"]
[PlyCount "68"]
[WhiteFideId "4682530"]
[BlackFideId "4678338"]
[EventCountry "GER"]
[EventRounds "9"]
[EventType "swiss"]
[EventDate "2000.06.03"]

1. d4 d6 2. Nf3 Nf6 3. e3 g6 4. Be2 Bg7 5. c4 O-O 6. Nc3 Nbd7 7. O-O e5 8. b4
a5 9. b5 Re8 10. a4 exd4 11. exd4 Nb6 12. Bb2 Be6 13. Nd2 Bf5 14. Re1 h5 15. h3
Nh7 16. Bf3 Rxe1+ 17. Qxe1 Rb8 18. Nd5 Nxd5 19. Bxd5 Ng5 20. Bc3 Qd7 21. h4 Re8
22. Qd1 Ne4 23. Nxe4 Bxe4 24. Bxe4 Rxe4 25. g3 b6 26. Qf3 d5 27. Rd1 f5 28. Qd3
Qe6 29. c5 f4 30. Qf1 bxc5 31. Bxa5 fxg3 32. dxc5 gxf2+ 33. Qxf2 Qg4+ 34. Kh2
Be5+ 0-1

[Event "DEM U14 2000"]
[Site "Überlingen GER"]
[Date "2000.06.04"]
[Round "2"]
[White "Herzenstein, Georg"]
[Black "Vollstädt, Ole"]
[Result "1-0"]
[Termination "normal"]
[Board "7"]
[WhiteElo "1615"]
[BlackElo "1027"]
[PlyCount "81"]
[WhiteFideId "4678400"]
[EventCountry "GER"]
[EventRounds "9"]
[EventType "swiss"]
[EventDate "2000.06.03"]

1. e4 c5 2. Nf3 d6 3. Bb5+ Nd7 4. O-O Ngf6 5. Re1 a6 6. Bf1 e5 7. c3 b5 8. d4
Bb7 9. d5 Be7 10. Bg5 O-O 11. Nbd2 Ne8 12. Bxe7 Qxe7 13. c4 bxc4 14. Nxc4 Nc7
15. Na5 Rab8 16. Nxb7 Rxb7 17. b3 f5 18. exf5 Rxf5 19. Qc2 Rf8 20. Bc4 Nf6 21.
Nxe5 Re8 22. Nd3 Qf7 23. Rxe8+ Qxe8 24. Re1 Qd7 25. Nf4 Rb8 26. Ne6 a5 27. Qd2
a4 28. Re3 axb3 29. axb3 Ra8 30. h3 Na6 31. Qe2 Nb4 32. Rg3 g6 33. Qf3 Qe7 34.
h4 Kh8 35. Qc3 Kg8 36. Nxc5 Nbxd5 37. Rf3 Kg7 38. Bxd5 Rc8 39. Rxf6 Qxf6 40.
Ne6+ Kf7 41. Qxc8 1-0

[Event "DEM U14 2000"]
[Site "Überlingen GER"]
[Date "2000.06.04"]
[Round "2"]
[White "Guttenthaler, Franz"]
[Black "Herrmann, Frank"]
[Result "1/2-1/2"]
[Termination "normal"]
[Board "8"]
[WhiteElo "2149"]
[BlackElo "1691"]
[PlyCount "155"]
[WhiteFideId "4655729"]
[EventCountry "GER"]
[EventRounds "9"]
[EventType "swiss"]
[EventDate "2000.06.03"]

1. e4 c5 2. c3 d5 3. exd5 Qxd5 4. d4 Nf6 5. Nf3 Bg4 6. Be2 e6 7. O-O Be7 8. h3
Bh5 9. Be3 Nbd7 10. Nbd2 O-O 11. Re1 Qd6 12. Nc4 Qc7 13. Nce5 Nd5 14. Nxd7 Qxd7
15. Ne5 Bxe2 16. Qxe2 Qc7 17. c4 Nxe3 18. fxe3 Rad8 19. Rad1 Bf6 20. Nf3 cxd4
21. exd4 Qb6 22. Qf2 Rd7 23. Rd2 Rfd8 24. Red1 Kf8 25. Qe3 h6 26. Kf2 a6 27. b3
Qc6 28. g4 b5 29. Rc2 Qb6 30. c5 Qc7 31. Rcd2 Rd5 32. b4 Qd7 33. Ke2 Qc7 34. h4
Qe7 35. Qf2 e5 36. dxe5 Rxd2+ 37. Rxd2 Rxd2+ 38. Kxd2 Bxe5 39. Kc2 Bf6 40. Nd2
Qe6 41. Qf4 Qxa2+ 42. Kd1 Qa1+ 43. Kc2 Qb2+ 44. Kd1 Qe5 45. Qxe5 Bxe5 46. Kc2
Ke7 47. Kd3 Bg3 48. Nf3 Ke6 49. Ke4 g6 50. Nd4+ Kd7 51. h5 Be1 52. Nc2 Bc3 53.
Kd3 Bg7 54. Ke4 Kc6 55. Na3 Bc3 56. Nc2 a5 57. bxa5 Kxc5 58. a6 Kb6 59. Kd3 Bg7
60. Nb4 Bf8 61. hxg6 fxg6 62. a7 Kxa7 63. Nc6+ Kb6 64. Ne5 h5 65. Nxg6 hxg4 66.
Nxf8 g3 67. Nd7+ Ka5 68. Ne5 g2 69. Nf3 Ka4 70. Kc2 Ka3 71. Kb1 Kb3 72. Ng1 Kc3
73. Nh3 Kd2 74. Kb2 Ke2 75. Kb3 Kf3 76. Kb4 Kg3 77. Ng1 Kh2 78. Nf3+ 1/2-1/2

[Event "DEM U14 2000"]
[Site "Überlingen GER"]
[Date "2000.06.04"]
[Round "2"]
[White "Schneider, Andreas"]
[Black "Meyer, Kai-Christian"]
[Result "1-0"]
[Termination "normal"]
[Board "10"]
[WhiteElo "1879"]
[BlackElo "1642"]
[PlyCount "105"]
[WhiteFideId "24606022"]
[BlackFideId "4680650"]
[EventCountry "GER"]
[EventRounds "9"]
[EventType "swiss"]
[EventDate "2000.06.03"]

1. e4 c6 2. d4 d5 3. exd5 cxd5 4. Nd2 Nf6 5. g3 Bf5 6. Ngf3 Nc6 7. c3 e6 8. Nh4
Bg6 9. Nxg6 hxg6 10. b4 Bd6 11. Bg2 Rc8 12. Nb3 b6 13. Qe2 O-O 14. O-O Ne7 15.
Bd2 Bb8 16. Nc1 Nf5 17. Nd3 Nd6 18. Ne5 Nc4 19. Bg5 Qc7 20. Nxc4 Qxc4 21. Qxc4
Rxc4 22. Rfc1 Rfc8 23. Bd2 Ne8 24. Bf1 Nd6 25. Bxc4 Nxc4 26. Be1 Bd6 27. f3 Na3
28. g4 Bf4 29. Rd1 Rc4 30. Bg3 Bxg3 31. hxg3 Rxc3 32. Rac1 Rxc1 33. Rxc1 Nc4
34. b5 Kf8 35. Kf2 Ke7 36. a4 Kd7 37. Rh1 Nd6 38. Rh7 Ne8 39. Ke2 Ke7 40. Kd3
f6 41. Kc3 e5 42. g5 e4 43. fxe4 dxe4 44. gxf6+ Kxf6 45. Rh8 Ke7 46. d5 Kd7 47.
Kd4 Nd6 48. g4 g5 49. Ra8 Nc8 50. Kxe4 Kc7 51. Kf5 Kb7 52. Rxc8 Kxc8 53. Kxg5
1-0

[Event "DEM U14 2000"]
[Site "Überlingen GER"]
[Date "2000.06.04"]
[Round "2"]
[White "Abraham, Jan-Willem"]
[Black "Stich, Christopher"]
[Result "1-0"]
[Termination "normal"]
[Board "11"]
[WhiteElo "1767"]
[BlackElo "1418"]
[PlyCount "83"]
[EventCountry "GER"]
[EventRounds "9"]
[EventType "swiss"]
[EventDate "2000.06.03"]

1. e4 g6 2. d4 Bg7 3. Nc3 d6 4. f4 Nf6 5. Nf3 O-O 6. Bd3 c5 7. dxc5 dxc5 8. h3
Nc6 9. Be3 b6 10. O-O Bb7 11. Qe1 a6 12. Rd1 Qc7 13. e5 Nd7 14. Nd5 Qd8 15. Be4
Nb4 16. Qd2 Nxd5 17. Bxd5 Bxd5 18. Qxd5 Ra7 19. Rd2 Qa8 20. Qb3 Qc6 21. Qc4 b5
22. Qd5 Rc8 23. Rfd1 Nf8 24. Ng5 Qxd5 25. Rxd5 Rac7 26. Ne4 c4 27. g4 f6 28.
exf6 exf6 29. Kf2 Re7 30. Nd6 Rc6 31. f5 Re5 32. R5d4 g5 33. Ne4 Kf7 34. Kf3
Re7 35. Rd8 Kg8 36. R1d5 Rcc7 37. R5d6 Red7 38. R8xd7 Nxd7 39. Rxa6 Kf8 40. Bd4
Ne5+ 41. Bxe5 fxe5 42. f6 1-0